Bohaterowie z Gier #1 - Statystyki

Ogólne statystyki
  • Ten quiz został rozwiązany 7 razy
  • Średni wynik to 13 z 16
Statystyki odpowiedzi
Obrazkowy Odpowiedź % Poprawnych
Dutch Van der Linde
100%
Jack Marston
100%
John Marston
100%
Arthur Morgan
83%
Bill Williamson
83%
Hosea Matthews
83%
Lenny Summers
83%
Micah Bell
83%
Sean Macguire
83%
Uncle
83%
Abigail Roberts
67%
Charles Smith
67%
Javier Escuella
67%
Leopold Strauss
67%
Pearson
67%
Trelawny
50%
Nie znaleziono quizów pasujących do podanych kryteriów
Rozkład punktacji
Procent ludzi z każdym wynikiem
Percentyl według liczby udzielonych odpowiedzi
Twoja historia wyników
Nie rozwiązałeś tego quizu